日立商法対松下商法
Na minha lista:
| Autor principal: | |
|---|---|
| Formato: | Livro |
| Idioma: | Undetermined |
| Publicado em: |
東京
評言社
1979
|
| Assuntos: | |
| Tags: |
Adicionar Tag
Sem tags, seja o primeiro a adicionar uma tag!
|
| Thư viện lưu trữ: | Trung tâm Học liệu Trường Đại học Cần Thơ |
|---|
| LEADER | 00502nam a2200193Ia 4500 | ||
|---|---|---|---|
| 001 | CTU_87358 | ||
| 008 | 210402s9999 xx 000 0 und d | ||
| 082 | |a 338.8 | ||
| 082 | |b M685 | ||
| 100 | |a 三宅満(みやけ みつる) | ||
| 245 | 0 | |a 日立商法対松下商法 | |
| 245 | 0 | |c 三宅満 | |
| 260 | |a 東京 | ||
| 260 | |b 評言社 | ||
| 260 | |c 1979 | ||
| 650 | |a Corporation | ||
| 650 | |z Japan | ||
| 904 | |i Ngoc(Tuyến) | ||
| 980 | |a Trung tâm Học liệu Trường Đại học Cần Thơ | ||